Capacidades y libertades: un enfoque para acercarse al empleo decente /
Gespeichert in:
| 1. Verfasser: | |
|---|---|
| Format: | Text |
| Tags: |
Tag hinzufügen
Keine Tags, Fügen Sie den ersten Tag hinzu!
|
MARC
| LEADER | 00000 a a2200000 04500 | ||
|---|---|---|---|
| 001 | 45827 | ||
| 003 | |||
| 040 | |||
| 100 | |a Gatica López, Gustavo | ||
| 245 | |a Capacidades y libertades: |b un enfoque para acercarse al empleo decente / |c Gustavo Gatica López | ||
| 590 | |a DISEMINAR012014 | ||
| 773 | |g página 58-66: fotos | ||
| 999 | |c 24882 |d 24882 | ||
